Az OTP Bank lakossági hitelezési gyakorlata

Bibliográfiai részletek
Szerző: Hergyó Tünde
További közreműködők: Pocsai Dr Erzsébet
Dokumentumtípus: Projektmunka
Kulcsszavak:OTP Bank Nyrt.
FOSZK záródolgozat
Hergyó Tünde
Online Access:http://dolgozattar.uni-bge.hu/6281

MARC

LEADER 00000nnm a2200000 i 4500
001 dolg6281
005 20160513144436.0
008 160513suuuu hu o 000 hun d
040 |a BGE Dolgozattár Repozitórium  |b hun 
041 |a hu 
100 1 |a Hergyó Tünde 
245 1 3 |a Az OTP Bank lakossági hitelezési gyakorlata  |c Hergyó Tünde  |h [elektronikus dokumentum] 
516 |a Project_work 
695 |a OTP Bank Nyrt. 
695 |a FOSZK záródolgozat 
695 |a Hergyó Tünde 
700 1 |a Pocsai Dr Erzsébet  |e ths 
856 4 0 |u http://dolgozattar.uni-bge.hu/6281/1/Hergy%C3%B3%20T%C3%BCnde.pdf  |z Dokumentum-elérés 
856 4 0 |u http://dolgozattar.uni-bge.hu/6281/2/titkos%C3%ADt%C3%A1si%20k%C3%A9relem.pdf  |z Dokumentum-elérés